Countries from 'B' by Cuisine - Statistics

General Stats
  • This quiz has been taken 14 times
  • The average score is 11 of 17
Answer Stats
Picture Answer % Correct
Bangladesh
75%
Belarus
75%
Brunei
75%
Bulgaria
75%
Bahamas
67%
Bahrain
67%
Barbados
67%
Belgium
67%
Belize
67%
Botswana
67%
Brazil
67%
Bosnia and Herzegovina
58%
Burundi
58%
Benin
50%
Bolivia
50%
Burkina Faso
50%
Bhutan
42%
No matching quizzes found
Score Distribution
Percent of People with Each Score
Percentile by Number Answered
Your Score History
You have not taken this quiz